000
00212 a2200097 4500
001
18165
100
_a
Hovanessian
245
_a
Digital comp methods in Engg
260
_a
_b
McGraw-Hill
_c
090
_c
13459
_d
13459
942
_a
NUST-CAE
_c
M
_c
3846
999
_c
253238
_d
253238